Statistics for Country within a country

Click here to take the quiz!

General Stats

  • This quiz has been taken 53 times
    (10 since last reset)
  • The average score is 21 of 53

Answer Stats

Answer% Correct
IranUSA
67%
AustriaAustralia
67%
IranNigeria
67%
Qatar GuineaEquatorial Guinea
67%
GhanaAfghanistan
56%
Iran Dominica PeruDominican Republic
56%
MaliSomalia
56%
IranRomania
56%
MaliMalawi
56%
IndiaIndonesia
56%
IranIreland
56%
GuineaGuinea Bissau
56%
ZambiaZimbabwe
56%
GuineaPapua New Guinea
44%
Iran NigerArgentina
44%
Iran TogoCongo
44%
IranUAE
44%
IranArmenia
44%
MaltaGuatemala
44%
MaliMongolia
44%
IranMauritania
44%
LaosSlovakia
44%
LaosSlovenia
44%
MaliMaldives
44%
IranSt Vincent and Grenadines
33%
IranSan Marino
33%
Mali LaosSolomon Islands
33%
IranSierra Leone
33%
IranSwitzerland
33%
IranTrinidad and tobago
33%
IranTurkmenistan
33%
IranUkraine
33%
IranAzerbaijan
33%
MaliMarshall Islands
33%
Iran NauruAntigua and barbuda
33%
HaitiLithuania
33%
IranNicaragua
33%
HaitiEthiopia
33%
Iran PeruCentral African Republic
33%
IranMicronesia
33%
TogoMontenegro
33%
Iran Ghana SerbiaBosnia and Herzegovina
33%
ChileLiechtenstein
33%
MaliMalaysia
33%
MonacoCameroon
22%
IranSingapore
22%
IranSuriname
22%
MaliColombia
22%
IranSao tome and principe
22%
IranBahrain
22%
IranBurkina faso
22%
IranSri Lanka
22%
PeruCzech republic
0%

Score Distribution

Percentile by Number Answered

Percent of People with Each Score

Your Score History

You have not taken this quiz since the last reset